| 000 | 00908nam a2200253Ia 4500 | ||
|---|---|---|---|
| 003 | OSt | ||
| 005 | 20220923223402.0 | ||
| 006 | a|||||r|||| 00| 0 | ||
| 007 | ta | ||
| 008 | 220922b |||||||| |||| 00| 0 hin d | ||
| 024 | _a214,574 | ||
| 037 | _cTextual | ||
| 040 |
_aARTS _cARTS _bhin |
||
| 041 |
_2hin _ahin |
||
| 082 | _aO152,6N061x, M2 | ||
| 100 |
_aमिश्र, कन्हैया लाल, प्रभाकर _9167356 |
||
| 245 | 0 | _aमाटी हो गयी सोना | |
| 246 | _aMāṭī ho gayī sonā | ||
| 260 |
_aनई दिल्ली _b भारतीय ज्ञानपीठ प्रका0 _c1982 |
||
| 300 |
_a120 पृ. _ccm. |
||
| 650 |
_aहिन्दी साहित्य _9156264 |
||
| 942 |
_hO152,6N061x, M2 _cTEXL _2CC |
||
| 999 |
_c364505 _d364505 |
||